Регионална библиотека "Любен Каравелов" - Русе

Пословиците и поговорките в образователното взаимодействие с български деца, живеещи в чужбина (Запис номер 158677)

MARC детайли
000 -Лидер
Контролно поле с фиксирана дължина 03550nam a2200469 c 4500
003 - Код на организацията, давaща контролен номер
Контролно поле BLK
005 - Дата и час на последна редакция
Контролно поле 20231220114937.0
008 - Елементи от данни с фиксирана дължина
fixed length control field 180410b bul|||||r ||||||| ||bul||
010 ## - Наследен системен номер
LC control number KNG00165733000
020 ## - Международен стандартен номер на книга ISBN
Международен стандартен номер на книга ISBN 978-954-07-3548-1
-- издат.: Унив. изд. Св. Климент Охридски
040 ## - Източник на каталожния запис
Идентификатор на билиотеката - собственик на записа BLK
041 ## - Код за език
Код за езика на текст/звукозапис или на отделно заглавие Български
Код за езика КДБФ Български
072 #7 - Код за тематичната категория
Код организация bullib
Код за тематична категория Н37
Текст Образование. Педагогика Н
080 ## - УДК
Текстов определител УДК Развиване на мисълта. Подвижни упражнения - Упражняване на вниманието и способността за различаване, наблюдаване на природата, гимнастика, ритмични упражнения, ръчна работа и др.
УДК код - определител по УДК 372.36
УДК определител .037
УДК - код + определител 372.36.037
080 ## - УДК
Текстов определител УДК Пословици и поговорки. Вицове
УДК код - определител по УДК 398.9
УДК определител (497.2)
УДК - код + определител 398.9(497.2)
100 1# - Редна дума - Автор
Автор Енгелс-Критидис, Розалина Пламенова
Авторска отговорност първи автор
R(LIN) 67191
139 ## - Редно поле
Редна дума Енгелс, Розалина Пламенова
Авторски знак Енг - Е 62
245 10 - Сведения за заглавието
Заглавие Пословиците и поговорките в образователното взаимодействие с български деца, живеещи в чужбина
Редно поле (дума) * Розалина Пламенова Енгелс; Розалина Пламенова Енгелс-Критидис; науч. ред. Юлияна Иванова Стоянова; предг. от Божидар Михайлов Ангелов.
257 ## - Страна на издаване
Страна на създаване/издаване България
260 ## - Област на издателските данни
-- София
Име на издателя, разпространителя и проч. Унив. изд. Св. Климент Охридски
Година на издаване 2013
300 ## - Физическа характеристика
Страници 279 с.
Илюстрации и др. с ил., табл., диагр.
Размери/Мащаб 24 см
380 ## - Жанр
Жанр Обществени науки
500 ## - Общи забележки
Забележка Възприета форма на името на авт. е Розалина Пламенова Енгелс. - Текст и на англ., гр. ез. - About the author: с. 277 ; Въпросник към учители и родители, живеещи в Гърция, във връзка с изследване в областта на словесния фолклор: с. 271-272 ; Български и гръцки пословици и поговорки, подходящи за педагогическо взаимодействие с 6 - 8-годишни деца, и техните близки по значение варианти на английски език: с. 273-275. - Библиогр.: с. 247-266. - Рез. на англ., гр. ез.
650 #4 - Допълнително описание по предмет – тема
Основно описание – тема или топоним Детски градини - учебно-възпитателна работа - роден език
9 (RLIN) 265089
650 #4 - Допълнително описание по предмет – тема
Основно описание – тема или топоним Предучилищно възпитание
9 (RLIN) 241578
650 #4 - Допълнително описание по предмет – тема
Основно описание – тема или топоним Мислене - у децата
9 (RLIN) 246502
650 #4 - Допълнително описание по предмет – тема
Основно описание – тема или топоним Пословици и поговорки, български - възпитателно значение
9 (RLIN) 328822
653 ## - Ключова дума – ненормативна
Ключова дума роден език
653 ## - Ключова дума – ненормативна
Ключова дума деца
653 ## - Ключова дума – ненормативна
Ключова дума българи в чужбина
653 ## - Ключова дума – ненормативна
Ключова дума предучилищно възпитание
659 ## - Тематичен бюлетин
Тематичен бюлетин Н
700 1# - Други автори (авторска отговорност)
Лично име Енгелс, Розалина Пламенова
Автороска отговорност (Описва отношението между автора и произведението) *
9 (RLIN) 379993
700 1# - Други автори (авторска отговорност)
Лично име Стоянова, Юлияна Иванова
Автороска отговорност (Описва отношението между автора и произведението) науч. ред.
9 (RLIN) 372652
700 1# - Други автори (авторска отговорност)
Лично име Ангелов, Божидар Михайлов
9 (RLIN) 31376
852 ## - Местоположение
Форматна сигнатура Цб 271088
856 4# - Електронен адрес и достъп
Електронен формат pdf - файл
Път до файла /url/
856 4# - Електронен адрес и достъп
Електронен формат pdf - файл
Път до файла /url/
942 ## - АРТИКУЛИ
Вид на библиотечния материал Книги
Скрит в OPAC Не
944 ## - СЪЗДАВАНЕ И РЕДАКЦИЯ на ЗАПИСА
Създаване/Редакция Създаване
Дата на регистрацията/редакция 06.10.2014
Служител, извършил регистрацията/редакцията 30560
Статус, дата на статуса Геновева Генчева
944 ## - СЪЗДАВАНЕ И РЕДАКЦИЯ на ЗАПИСА
Създаване/Редакция Редакция
Дата на регистрацията/редакция 15.05.2015
Служител, извършил регистрацията/редакцията Геновева_Генчева
999 ## - СИСТЕМНИ КОНТРОЛНИ НОМЕРА
Koha biblionumber 158677
Koha biblioitemnumber 158677
Наличности
Код за отписване Код за изгубен артикул Код за повреда Коз за рестрикции Код за отдаване Артикулен № Име на библиотеката - собственик Име на библиотеката, в която се намира в момента Статус (Текущо местоположение) Дата на вписване в системата Местоположение - отдел Цена в лева Инвентарен номер Систематично азбучна сигнатура Баркод Номер на екземпляра Цена в евро Служебна бележка Служебен тип на артикула
  Не е изгубен Не е повреден без рестрикции ползва се в читалня 265287 Регионална библиотека "Любен Каравелов" Русе Регионална библиотека "Любен Каравелов" Русе Хранилище 2014-10-07 Хранилище 16.00 120000781466 Цб 271088 120000781466 1 8.18 Дост: Dp Вид: Д N: 5 Дата: 03.02.2014 Книги
Vip Innovations Ltd, Rousse, Bulgaria 2025